| 000 | 00694nam a2200229 a 4500 | ||
|---|---|---|---|
| 008 | 951030s1991||||[C 0 slo c | ||
| 020 |
_a8008005963 _c10 |
||
| 040 |
_aSNK _bslo _cSNK _eAACR2 |
||
| 041 | 1 |
_aslo _hslo |
|
| 044 |
_axo _cSK |
||
| 080 | _a371.3:802.0(072) | ||
| 080 | _a802.0(072) | ||
| 080 | _a802.0(072) | ||
| 100 | 1 |
_aTandlichová, Eva _4aut |
|
| 245 | 1 | 0 |
_aPráca s textom vo vyučovaní anglického jazyka _cEva Tandlichová ; Mária Perelisová |
| 250 | _a1., vyd. | ||
| 260 |
_aBratislava _bSPN _c1991 _eBratislava _fDanubiaprint |
||
| 300 |
_a173 s. _c20 cm |
||
| 500 | _aLit. 178. 178 zázn. v slov., češ. a angl. | ||
| 700 | 1 |
_aPerelisová, Mária _4bkd |
|
| 958 | _aA | ||
| 999 |
_c19223 _d19223 |
||